| 000 | 00479nam a2200181Ia 4500 | ||
|---|---|---|---|
| 001 | 16842 | ||
| 005 | 20260306170340.0 | ||
| 008 | 260306t2017||||xx |||||||||||||| ||und|| | ||
| 041 | _aESP | ||
| 082 |
_a657.044 _bG24 |
||
| 100 |
_aGarcía Padilla, Víctor Manuel _eAUT |
||
| 245 | 0 |
_aContabilidad intermedia: _bconceptos de los estados financieros |
|
| 260 | _c2017 | ||
| 300 |
_axiii, 418 páginas : _c25 cm. |
||
| 650 | _aGEN | ||
| 654 | _aCCO | ||
| 942 |
_cLIB _dJUS _fJUS _2ddc _n |
||
| 999 |
_c16842 _d16842 |
||